Faculty of Law Library — Cairo University

Official Online Catalog

Étude Médico-légale Et Clinique L'empoisonnement / (Record no. 73728)

MARC details
000 -LEADER
fixed length control field 01080nam a2200313 i 4500
003 - CONTROL NUMBER IDENTIFIER
control field EG-GICUC
005 - DATE AND TIME OF LATEST TRANSACTION
control field 20260427222522.0
008 - FIXED-LENGTH DATA ELEMENTS--GENERAL INFORMATION
fixed length control field 260427b1875 fr ||||f |||| 00| 0 fre d
040 ## - CATALOGING SOURCE
Original cataloging agency EG-GiCUC
Transcribing agency EG-GiCUC
Modifying agency EG-GiCUC
Description conventions Rda
Language of cataloging fre
041 ## - LANGUAGE CODE
Language code of text/sound track or separate title fre
082 04 - DEWEY DECIMAL CLASSIFICATION NUMBER
Edition number 21
Classification number 343.83
Item number TA . E
092 04 - LOCALLY ASSIGNED DEWEY CALL NUMBER (OCLC)
Edition number 21
099 ## - LOCAL FREE-TEXT CALL NUMBER (OCLC)
Classification number Law1 10 343.83 TA . E 2 ed - 1875 1011361 C1
100 1# - MAIN ENTRY--PERSONAL NAME
Personal name Tardieu, Ambroise
Relator term Auteur
245 10 - TITLE STATEMENT
Title Étude Médico-légale Et Clinique L'empoisonnement /
Statement of responsibility, etc. Par Ambroise Tardieu ; Avec La Collaborativo De Z. Roussin.<br/><br/>
250 ## - EDITION STATEMENT
Edition statement Deuxième Édition ;
Remainder of edition statement Revue Et Considérablement Augmenté
264 #1 - PRODUCTION, PUBLICATION, DISTRIBUTION, MANUFACTURE, AND COPYRIGHT NOTICE
Place of production, publication, distribution, manufacture Paris :
Name of producer, publisher, distributor, manufacturer Librairie J.-b. Baillière Et Fils ,
Date of production, publication, distribution, manufacture, or copyright notice 1875.
300 ## - PHYSICAL DESCRIPTION
Extent 1240 page ;
Dimensions 24 cm.
336 ## - CONTENT TYPE
Source rda contenu
Content type term texte
337 ## - MEDIA TYPE
Source rda medias
Media type term Ordinateur
338 ## - CARRIER TYPE
Source transporteur rda
Carrier type term Ressource en ligne
650 14 - SUBJECT ADDED ENTRY--TOPICAL TERM
Topical term or geographic name entry element Droit pénal
650 14 - SUBJECT ADDED ENTRY--TOPICAL TERM
Topical term or geographic name entry element Médecine Légale
651 1# - SUBJECT ADDED ENTRY--GEOGRAPHIC NAME
Source of heading or term qrmak
700 1# - ADDED ENTRY--PERSONAL NAME
Personal name Roussin, De Z.
Relator term Auteur
856 40 - ELECTRONIC LOCATION AND ACCESS
Uniform Resource Identifier <a href="https://fll.law.cu.edu.eg/fulltext/bks/B10-11361.pdf">https://fll.law.cu.edu.eg/fulltext/bks/B10-11361.pdf</a>
905 ## - Cataloger and Reviser Names
Cataloger Name: Mohamed Yosri
942 ## - ADDED ENTRY ELEMENTS (KOHA)
Source of classification or shelving scheme Dewey Decimal Classification
Koha item type Books
Edition 21
Suppress in OPAC No
Holdings
Withdrawn status Lost status Source of classification or shelving scheme Damaged status Not for loan Collection Home library Current library Date acquired Total checkouts Full call number Barcode Date last seen Copy number Price effective from Koha item type
    Dewey Decimal Classification   Not for loan القانون الجنائي جــــامعة القــاهرة مكتبة كلية الحقوق - المبنى الرئيسي 28.04.2026   Law1 10 343.83 TA . E 2 ed - 1875 1011361 C1 B10-11361 27.04.2026 1 28.04.2026 Books

© All rights reserved — Faculty of Law, Cairo University